000 01750cam a2200181 4500500
005 20260322010541.0
041 _afre
042 _adc
100 1 0 _aBourgeois, Didier
_eauthor
700 1 0 _aBigot, Nouzha
_eauthor
245 0 0 _aL’axe du narcissisme dans l’approche clinique contemporaine
260 _c2006.
500 _a73
520 _aDevant les difficultés du psychiatre burkinabé formé dans les écoles occidentales à prendre en charge des patients présentant des hallucinations, nous avons fait une étude sur le contexte culturel des hallucinations chez les Moose. Nous avons réalisé des entretiens semi-structurés avec 43 accompagnants de patients hospitalisés présentant des hallucinations, 22 guérisseurs traditionnels et 19 personnes ressources (sages du village). Pour les Moose, l’hallucination est un symptôme non pathologique. Il est considéré chez eux comme un pouvoir mystique et n’est jamais traité. Il est alors important que les psychiatres modernes prennent en considération le sens culturel de certains symptômes.
520 _aIn front of the difficulties we had to treat patients with hallucinations, we carried out a study of cultural context of hallucinations among the moose. We interviewed 43 patient-accompagnants, 22 traditional therapists and 19 ressource persons. Moose consider hallucinations as a non pathological symptom, it’s culturally admited like a mystic power. So it’s never treated. Modern therapists in Africa must pay attention to the cultural symbolism and meaning of hallucinations.
786 0 _nPsy Cause | 46 | 4 | 2006-01-03 | p. 16-22 | 1245-2394
856 4 1 _uhttps://shs.cairn.info/revue-psy-cause-2006-4-page-16?lang=fr&redirect-ssocas=7080
999 _c1757589
_d1757589